[Event "NOR-ch Seniors-A"]
[Site "Oslo"]
[Date "2015.07.06"]
[Round "3"]
[White "Semakoff, Aleks"]
[Black "Strand, Oyvin"]
[Result "1-0"]
[WhiteElo "2028"]
[BlackElo "1865"]
[PlyCount "71"]
[EventDate "2015.07.04"]
[EventType "swiss"]
[EventRounds "9"]
[EventCountry "NOR"]
[SourceTitle "EXT 2017"]
[Source "ChessBase"]
[SourceDate "2016.10.25"]
[SourceVersion "1"]
[SourceVersionDate "2016.10.25"]
[SourceQuality "1"]

1. e4 e6 2. d4 d5 3. exd5 exd5 4. c4 Nf6 5. Nc3 Be7 6. Nf3 0-0 7. cxd5 Nxd5 8. Bd3 b6 9. 0-0 Bb7 10. Re1 Nd7 11. Qe2 Re8 12. Bc4 N7f6 13. Ne5 Bd6 14. Bg5 c6 15. Qf3 h6 16. Bh4 Bb4 17. Ng4 Bxc3 18. bxc3 Qd6 19. Bg3 Qd7 20. Ne5 Qe7 21. Re2 Qf8 22. Rae1 Re6 23. Bb3 b5 24. Bc2 Ree8 25. Bh4 Qd6 26. g4 Rf8 27. Bg3 Qa3 28. Bb3 Rad8 29. h4 a5 30. g5 hxg5 31. hxg5 Nd7 32. Bxd5 cxd5 33. Kg2 b4 34. Rh1 g6 35. Nxd7 Rxd7 36. Qf6 1-0

[Event "Liberec op 15th"]
[Site "Liberec"]
[Date "2015.02.15"]
[Round "2"]
[White "Strand, Oyvin"]
[Black "Brechlin, Olaf"]
[Result "1-0"]
[WhiteElo "1845"]
[BlackElo "2041"]
[PlyCount "137"]
[EventDate "2015.02.14"]
[EventType "swiss"]
[EventRounds "9"]
[EventCountry "CZE"]
[SourceTitle "CBM 164 Extra"]
[Source "ChessBase"]
[SourceDate "2015.03.02"]
[SourceVersion "1"]
[SourceVersionDate "2015.03.02"]
[SourceQuality "1"]

1. d4 d5 2. Nf3 Nf6 3. b3 Bf5 4. e3 e6 5. Bd3 Bg6 6. 0-0 Nbd7 7. Bb2 c5 8. Qe2 Rc8 9. Ne5 Bd6 10. Nd2 0-0 11. Nxg6 hxg6 12. f4 Re8 13. c3 a6 14. a4 Bb8 15. Rf3 Qc7 16. Rh3 Ba7 17. Qf2 Qd8 18. Nf3 Ng4 19. Qe2 c4 20. bxc4 dxc4 21. Bc2 Bb8 22. Ne5 Bxe5 23. fxe5 Nh6 24. Rf1 b5 25. Qf3 Nf8 26. e4 Rc7 27. Bc1 g5 28. Qh5 Nh7 29. Rg3 Qe7 30. Bxg5 Nxg5 31. Rxg5 Kh8 32. axb5 axb5 33. d5 exd5 34. exd5 Qc5+ 35. Kh1 Qxd5 36. Rd1 Qe6 37. h3 Rd7 38. Rf1 Rde7 39. Bf5 Qxe5 40. Bd7 Qxc3 41. Bxe8 Rxe8 42. Rxb5 Re1 43. Rb1 Rxb1 44. Rxb1 Qd3 45. Qd1 Qe4 46. Rb8+ Kh7 47. Qb1 Qxb1+ 48. Rxb1 Nf5 49. Rc1 Nd6 50. Rd1 Nb5 51. Rd5 Na3 52. Ra5 Nb1 53. Ra1 Nd2 54. Kg1 c3 55. Kf2 f5 56. Ke3 g5 57. g4 fxg4 58. hxg4 Kg6 59. Ra6+ Kg7 60. Kd3 Nf3 61. Kxc3 Ne5 62. Ra4 Kf6 63. Kd2 Ke6 64. Ke3 Kd6 65. Kf2 Ke6 66. Kg3 Kd5 67. Ra8 Ke6 68. Ra6+ Kd5 69. Rf6 1-0

[Event "London Classic op 6th"]
[Site "London"]
[Date "2014.12.09"]
[Round "2"]
[White "Nettleton, Charlie"]
[Black "Strand, Oyvin"]
[Result "1/2-1/2"]
[WhiteElo "1910"]
[BlackElo "1877"]
[PlyCount "186"]
[EventDate "2014.12.08"]
[EventType "swiss"]
[EventRounds "9"]
[EventCountry "ENG"]
[SourceTitle "CBM 163 Extra"]
[Source "ChessBase"]
[SourceDate "2014.12.23"]
[SourceVersion "1"]
[SourceVersionDate "2014.12.23"]
[SourceQuality "1"]

1. d4 d5 2. Bf4 e6 3. e3 Bd6 4. Qg4 g6 5. Bg5 f6 6. Bh4 Nh6 7. Qf3 Nf5 8. Bg3 Nxg3 9. hxg3 Qe7 10. Bd3 f5 11. g4 c6 12. Ne2 Nd7 13. gxf5 exf5 14. c4 dxc4 15. Bxc4 Nb6 16. Bd3 Be6 17. Nbc3 Nd5 18. Rc1 0-0 19. a3 Rae8 20. Na4 Nf6 21. Nf4 Bxf4 22. Qxf4 Bd5 23. 0-0 Nh5 24. Qh6 Nf6 25. Qh4 Kh8 26. Nc3 Bf7 27. b4 a6 28. a4 Nd5 29. Qxe7 Rxe7 30. Nxd5 Bxd5 31. b5 axb5 32. axb5 f4 33. Rfe1 fxe3 34. Rxe3 Ref7 35. f3 Rd8 36. Rce1 Kg7 37. Kf2 Kf6 38. b6 Rfd7 39. Rh1 Bg8 40. Rh4 Rxd4 41. Be4 R4d7 42. Rf4+ Kg7 43. Bb1 Bd5 44. Ra4 Kf6 45. Ra7 Kf7 46. g4 Kg7 47. Kg3 Rf8 48. Bc2 Rdf7 49. Bd1 Rd7 50. Be2 Rff7 51. f4 Rfe7 52. Rxe7+ Rxe7 53. Ba6 c5 54. Bf1 Re3+ 55. Kh4 h6 56. g5 hxg5+ 57. fxg5 Re7 58. Ra5 Re4+ 59. Kg3 Re5 60. Rxc5 Rxg5+ 61. Kf2 Rf5+ 62. Ke1 Bc6 63. Rc3 Re5+ 64. Kd2 Kf6 65. Be2 g5 66. Rc1 Re6 67. Bg4 Rd6+ 68. Ke3 Bd7 69. Bxd7 Rxd7 70. Rc7 Re7+ 71. Kf3 Ke6 72. Rc5 Rf7+ 73. Ke3 g4 74. Rg5 Kd6 75. Rxg4 Kc6 76. Rg6+ Kc5 77. Kd3 Rd7+ 78. Kc3 Rd6 79. Rg7 Kxb6 80. Kb4 Rh6 81. Rg4 Ka6 82. Rf4 b6 83. Rg4 Rh1 84. Rg6 Rb1+ 85. Ka4 Re1 86. Rg4 b5+ 87. Kb4 Rb1+ 88. Ka3 Ka5 89. Rg5 Rh1 90. Rg3 b4+ 91. Kb3 Rb1+ 92. Ka2 Rh1 93. Kb3 Rb1+ 1/2-1/2

[Event "Bergen op"]
[Site "Bergen"]
[Date "2014.10.12"]
[Round "4"]
[White "Strand, Oyvin"]
[Black "Gronnestad, Anita"]
[Result "0-1"]
[WhiteElo "1813"]
[BlackElo "1921"]
[PlyCount "50"]
[EventDate "2014.10.10"]
[EventType "swiss"]
[EventRounds "5"]
[EventCountry "NOR"]
[SourceTitle "EXT 2015"]
[Source "ChessBase"]
[SourceDate "2014.11.20"]
[SourceVersion "1"]
[SourceVersionDate "2014.11.20"]
[SourceQuality "1"]

1. d4 Nf6 2. Nf3 e6 3. e3 b6 4. b3 Bb7 5. Bb2 c5 6. Bd3 cxd4 7. exd4 Bb4+ 8. c3 Bd6 9. 0-0 Nh5 10. Nbd2 f5 11. g3 0-0 12. Ne5 Qe8 13. f4 Nc6 14. Nxd7 Nxf4 15. gxf4 Qxd7 16. Nc4 Rf6 17. Rf2 Rg6+ 18. Kf1 Be7 19. Qh5 Rh6 20. Qd1 Bh4 21. Rf3 Ne7 22. Ne5 Bxf3 23. Nxd7 Bxd1 24. Rxd1 Nd5 25. Bc4 Ne3+ 0-1

[Event "Bergen op"]
[Site "Bergen"]
[Date "2014.10.10"]
[Round "1"]
[White "Strand, Oyvin"]
[Black "Nilsen, Joachim Birger"]
[Result "0-1"]
[WhiteElo "1813"]
[BlackElo "2361"]
[PlyCount "70"]
[EventDate "2014.10.10"]
[EventType "swiss"]
[EventRounds "5"]
[EventCountry "NOR"]
[SourceTitle "EXT 2015"]
[Source "ChessBase"]
[SourceDate "2014.11.20"]
[SourceVersion "1"]
[SourceVersionDate "2014.11.20"]
[SourceQuality "1"]

1. d4 Nf6 2. Nf3 g6 3. c4 Bg7 4. Nc3 0-0 5. e4 d6 6. Be2 Na6 7. 0-0 e5 8. d5 Nc5 9. Qc2 a5 10. Ne1 Bd7 11. Be3 b6 12. b3 Ng4 13. Bxg4 Bxg4 14. Nd3 Bd7 15. a3 f5 16. f3 f4 17. Bf2 g5 18. b4 Nxd3 19. Qxd3 Rf6 20. c5 Rg6 21. cxb6 cxb6 22. bxa5 bxa5 23. Rab1 g4 24. fxg4 Qg5 25. g3 Qxg4 26. Qd1 Qh3 27. Rb2 Rf8 28. Be1 h5 29. Qe2 h4 30. Qg2 hxg3 31. hxg3 Qh5 32. Qh2 Bh3 33. Rff2 Rxg3+ 34. Kh1 f3 35. Rb7 Bg2+ 0-1

[Event "Benidorm op U2000 12th"]
[Site "Benidorm"]
[Date "2013.12.01"]
[Round "4"]
[White "Stoyanov, Svetlomir"]
[Black "Strand, Oyvin"]
[Result "1/2-1/2"]
[WhiteElo "1962"]
[BlackElo "1891"]
[PlyCount "70"]
[EventDate "2013.11.29"]
[EventType "swiss"]
[EventRounds "10"]
[EventCountry "ESP"]
[SourceTitle "CBM 157 Extra"]
[Source "ChessBase"]
[SourceDate "2013.12.19"]
[SourceVersion "1"]
[SourceVersionDate "2013.12.19"]
[SourceQuality "1"]

1. d4 e6 2. c3 f5 3. Nf3 Nf6 4. Bf4 d5 5. e3 Bd6 6. Ne5 Nbd7 7. Nd2 0-0 8. Be2 c5 9. 0-0 Qc7 10. Ndf3 b6 11. a4 a6 12. Qb3 c4 13. Qc2 Bb7 14. h3 Ne4 15. Nxd7 Qxd7 16. Ne5 Bxe5 17. Bxe5 b5 18. f3 Nd6 19. g4 Nf7 20. Bg3 Bc6 21. axb5 axb5 22. Ra3 Rxa3 23. bxa3 Qe7 24. Ra1 fxg4 25. hxg4 e5 26. Kf2 e4 27. f4 Bd7 28. Qb2 Nh6 29. Qb4 Qxb4 30. axb4 Nxg4+ 31. Bxg4 Bxg4 32. Ra6 Rf6 33. Rxf6 gxf6 34. Kg2 Kf7 35. Bf2 Kg6 1/2-1/2

[Event "Calvia Amateur op 10th"]
[Site "Calvia"]
[Date "2013.10.10"]
[Round "6"]
[White "Pavlov, Denis1111"]
[Black "Strand, Oyvin"]
[Result "1-0"]
[WhiteElo "2066"]
[BlackElo "1891"]
[PlyCount "85"]
[EventDate "2013.10.05"]
[EventType "swiss"]
[EventRounds "9"]
[EventCountry "ESP"]
[SourceTitle "EXT 2014"]
[Source "ChessBase"]
[SourceDate "2013.11.20"]
[SourceVersion "1"]
[SourceVersionDate "2013.11.20"]
[SourceQuality "1"]

1. e4 e6 2. d3 d5 3. Nd2 c5 4. Ngf3 Nc6 5. g3 Nf6 6. Bg2 Be7 7. 0-0 0-0 8. e5 Nd7 9. Re1 b5 10. Nf1 Bb7 11. h4 Qc7 12. Bf4 d4 13. N1h2 Nb6 14. Ng4 Nd5 15. Bg5 Rad8 16. Nd2 Bxg5 17. hxg5 Qe7 18. Ne4 g6 19. Kh2 Kg7 20. Rh1 Rh8 21. Kg1 c4 22. Nef6 c3 23. b3 h5 24. gxh6+ Kf8 25. Nxd5 exd5 26. f4 Nb8 27. Qf3 Nd7 28. Qf2 Qe6 29. Bh3 Qb6 30. Rf1 f5 31. Nh2 Bc8 32. Nf3 Rxh6 33. g4 fxg4 34. Bxg4 Rxh1+ 35. Kxh1 Nb8 36. Bxc8 Rxc8 37. Qh4 Kg8 38. Kg2 Kg7 39. Qe7+ Kg8 40. Rh1 Qd8 41. Qh7+ Kf8 42. Qh8+ Ke7 43. Qf6+ 1-0

[Event "Calvia Amateur op 10th"]
[Site "Calvia"]
[Date "2013.10.09"]
[Round "5"]
[White "Strand, Oyvin"]
[Black "Carranza Pons, Ricardo Nelson"]
[Result "1-0"]
[WhiteElo "1891"]
[BlackElo "1656"]
[PlyCount "81"]
[EventDate "2013.10.05"]
[EventType "swiss"]
[EventRounds "9"]
[EventCountry "ESP"]
[SourceTitle "EXT 2014"]
[Source "ChessBase"]
[SourceDate "2013.11.20"]
[SourceVersion "1"]
[SourceVersionDate "2013.11.20"]
[SourceQuality "1"]

1. d4 Nf6 2. Nf3 g6 3. c4 Bg7 4. Nc3 d5 5. e3 0-0 6. c5 c6 7. Ne5 Nbd7 8. f4 Ne4 9. Nxe4 dxe4 10. Qc2 Nxe5 11. dxe5 Bf5 12. Be2 h5 13. Bd2 a5 14. 0-0 Qc7 15. h3 Rad8 16. Bc3 Rd5 17. Bd4 h4 18. Bc4 Rdd8 19. Qf2 Be6 20. Bxe6 fxe6 21. Qxh4 Kf7 22. Qg4 Rh8 23. Rf2 Rh6 24. Raf1 Rdh8 25. Qd1 Rd8 26. Qc2 Qd7 27. Qxe4 Qd5 28. Qxd5 Rxd5 29. Rc2 Rh8 30. Rc4 Ra8 31. Ra4 Ra6 32. Rf3 Rd8 33. Bc3 Rd5 34. Bd4 Bh8 35. g4 Bg7 36. e4 Rd8 37. Bc3 Rd1+ 38. Kg2 b5 39. cxb6 Rxb6 40. Rxa5 c5 41. Rxc5 1-0

[Event "NOR-ch Seniors-A"]
[Site "Lillehammer"]
[Date "2013.06.29"]
[Round "1"]
[White "Esbensen, Hans Fredrik"]
[Black "Strand, Oyvin"]
[Result "0-1"]
[WhiteElo "1701"]
[BlackElo "1849"]
[PlyCount "52"]
[EventDate "2013.06.29"]
[EventType "swiss"]
[EventRounds "9"]
[EventCountry "NOR"]
[SourceTitle "EXT 2014"]
[Source "ChessBase"]
[SourceDate "2013.11.20"]
[SourceVersion "1"]
[SourceVersionDate "2013.11.20"]
[SourceQuality "1"]

1. Nf3 g6 2. d4 Bg7 3. c4 d6 4. Nc3 Nd7 5. e4 c5 6. d5 a6 7. Bf4 Ne5 8. Be2 Rb8 9. 0-0 Nxf3+ 10. Bxf3 b5 11. Rb1 Bd7 12. cxb5 axb5 13. Re1 f6 14. Qc1 h5 15. b4 c4 16. h4 Nh6 17. Ne2 Ra8 18. a3 Nf7 19. Ng3 Bg4 20. Nf1 Bxf3 21. gxf3 Qd7 22. Bg3 g5 23. Kh2 Bh6 24. Ne3 gxh4 25. Bxh4 Bf4+ 26. Bg3 Ng5 0-1

[Event "Bergen NGP op"]
[Site "Bergen"]
[Date "2013.05.31"]
[Round "1"]
[White "Vage, Edvard"]
[Black "Strand, Oyvin"]
[Result "1-0"]
[WhiteElo "1474"]
[BlackElo "1811"]
[PlyCount "87"]
[EventDate "2013.05.31"]
[EventType "swiss"]
[EventRounds "5"]
[EventCountry "NOR"]
[SourceTitle "CBM 154 Extra"]
[Source "ChessBase"]
[SourceDate "2013.06.25"]
[SourceVersion "2"]
[SourceVersionDate "2013.06.25"]
[SourceQuality "1"]

1. e4 g6 2. d4 Bg7 3. Nf3 d6 4. Bd3 Nd7 5. 0-0 c5 6. c3 Qc7 7. Re1 c4 8. Bc2 e5 9. b3 b5 10. d5 Ne7 11. bxc4 bxc4 12. Ba4 0-0 13. Bxd7 Bxd7 14. Na3 f5 15. Bg5 Bf6 16. Bh6 Rf7 17. Nd2 Qc5 18. Naxc4 fxe4 19. Qe2 Nf5 20. Nxe4 Qxd5 21. Rad1 Qe6 22. Bg5 Bb5 23. Nxf6+ Rxf6 24. Bxf6 Bxc4 25. Qe4 Rf8 26. Bg5 Bxa2 27. h4 a5 28. h5 h6 29. Bc1 gxh5 30. Rd2 Bb3 31. Ba3 a4 32. f4 Re8 33. fxe5 dxe5 34. Rf2 Nd6 35. Qc6 Nf7 36. Rf6 Qxc6 37. Rxc6 e4 38. Bc5 Kh7 39. Rc7 Kg6 40. Kf2 Ng5 41. Ke3 h4 42. Rh1 Kh5 43. Rg7 Ne6 44. g4# 1-0

[Event "EU-ch Seniors 13th"]
[Site "Plovdiv"]
[Date "2013.03.19"]
[Round "9"]
[White "Maman, Emanuel"]
[Black "Strand, Oyvin"]
[Result "1/2-1/2"]
[WhiteElo "1942"]
[BlackElo "1861"]
[PlyCount "93"]
[EventDate "2013.03.11"]
[EventType "swiss"]
[EventRounds "9"]
[EventCountry "BUL"]
[SourceTitle "CBM 153 Extra"]
[Source "ChessBase"]
[SourceDate "2013.04.22"]
[SourceVersion "1"]
[SourceVersionDate "2013.04.22"]
[SourceQuality "1"]

1. e4 g6 2. f4 d6 3. Nf3 Bg7 4. d4 c5 5. c3 Bd7 6. Bd3 b5 7. Be3 c4 8. Bc2 a5 9. Nbd2 Qc7 10. Qe2 a4 11. a3 Na6 12. e5 d5 13. h3 h5 14. Bf2 e6 15. 0-0-0 b4 16. axb4 Nxb4 17. cxb4 c3 18. bxc3 Qxc3 19. Nb1 Qxb4 20. Qd2 Qb6 21. Qe3 Bf8 22. Rd3 Bb5 23. Rhd1 Nh6 24. Ra3 Bb4 25. Be1 Nf5 26. Bxf5 Bxa3+ 27. Qxa3 gxf5 28. Bb4 Kd7 29. Bc5 Qc6 30. Rd2 Rhb8 31. Kd1 Bc4 32. Rb2 Rb3 33. Rxb3 axb3 34. Qb4 Ra2 35. Nfd2 Rc2 36. Na3 Ra2 37. Nxb3 Bxb3+ 38. Qxb3 Rxg2 39. Nb5 Qa6 40. Ba3 Qa5 41. Nc3 Qa6 42. Kc1 Qf1+ 43. Nd1 Qxf4+ 44. Kb1 Qe4+ 45. Kc1 Qf4+ 46. Kb1 Qe4+ 47. Kc1 1/2-1/2

[Event "EU-ch Seniors 13th"]
[Site "Plovdiv"]
[Date "2013.03.16"]
[Round "6"]
[White "Strand, Oyvin"]
[Black "Zachariassen, John"]
[Result "0-1"]
[WhiteElo "1861"]
[BlackElo "1911"]
[PlyCount "108"]
[EventDate "2013.03.11"]
[EventType "swiss"]
[EventRounds "9"]
[EventCountry "BUL"]
[SourceTitle "CBM 153 Extra"]
[Source "ChessBase"]
[SourceDate "2013.04.22"]
[SourceVersion "1"]
[SourceVersionDate "2013.04.22"]
[SourceQuality "1"]

1. d4 Nf6 2. Nf3 d6 3. c4 Nbd7 4. Nc3 e5 5. e4 Be7 6. d5 c6 7. Qc2 0-0 8. Be2 Re8 9. 0-0 Nf8 10. b4 Ng6 11. a4 a5 12. dxc6 bxc6 13. bxa5 Nd7 14. Be3 Qxa5 15. Rfb1 Nf4 16. Bf1 Ne6 17. Bd2 Qa7 18. a5 Nd4 19. Nxd4 exd4 20. Na4 Bf6 21. Bd3 Bd8 22. h3 Nc5 23. Nxc5 Qxc5 24. Qa4 Bd7 25. a6 Bc7 26. Rb7 Rec8 27. Ba5 Rxa6 28. Rxc7 Rxc7 29. Bxc7 Rxa4 30. Rxa4 g6 31. Ra5 Qb4 32. Ra8+ Kg7 33. Rd8 Qe1+ 34. Kh2 Be6 35. Bxd6 Qxf2 36. Bf8+ Kf6 37. Bc5 Qf4+ 38. Kh1 Qc1+ 39. Kh2 Bxc4 40. Bxc4 Qxc4 41. Rd6+ Ke5 42. Rxc6 Kxe4 43. Rc7 Qd5 44. Re7+ Kf5 45. Bb4 d3 46. Re1 Qd4 47. Bd2 Qf2 48. Ba5 h5 49. Rd1 Ke4 50. Re1+ Kd5 51. Ra1 f5 52. Be1 Qe3 53. Ba5 f4 54. Rf1 g5 0-1

[Event "London Classic op 4th"]
[Site "London"]
[Date "2012.12.08"]
[Round "8"]
[White "Burnham, Frank"]
[Black "Strand, Oyvin"]
[Result "1-0"]
[WhiteElo "1792"]
[BlackElo "1854"]
[PlyCount "89"]
[EventDate "2012.12.01"]
[EventType "swiss"]
[EventRounds "9"]
[EventCountry "ENG"]
[SourceTitle "EXT 2014"]
[Source "ChessBase"]
[SourceDate "2013.11.20"]
[SourceVersion "1"]
[SourceVersionDate "2013.11.20"]
[SourceQuality "1"]

1. e4 g6 2. d4 Bg7 3. f4 d6 4. Nf3 b6 5. Bd3 c5 6. c3 e6 7. 0-0 Ne7 8. Be3 0-0 9. Nbd2 Qc7 10. Qe2 Nd7 11. Rac1 Bb7 12. g4 Rae8 13. Qf2 Nf6 14. Qh4 a6 15. Kf2 b5 16. Rg1 e5 17. dxe5 dxe5 18. fxe5 Nd7 19. Bh6 Nxe5 20. Nxe5 Qxe5 21. Nf3 Qf6 22. Bg5 Qe6 23. Rce1 f6 24. Bh6 Qxa2 25. Re2 Qf7 26. Be3 c4 27. Bc2 Nc8 28. Bc5 Ne7 29. Rg3 g5 30. Qh3 Rd8 31. Nd4 Ng6 32. Bxf8 Bxf8 33. Qf1 Bc5 34. Rd2 Qe6 35. Qe1 Nf4 36. h3 Qb6 37. Qd1 Re8 38. Re3 Re7 39. Qf3 Rd7 40. Qd1 h5 41. gxh5 Rh7 42. Qg4 Rxh5 43. Qd7 Bxd4 44. Rxd4 Bc6 45. Qe7 1-0

[Event "Alcudia Belleuve"]
[Site "Alcudia"]
[Date "2012.10.21"]
[Round "9.19"]
[White "Castello Castello, Juan Jose"]
[Black "Strand, Oyvin"]
[Result "0-1"]
[WhiteElo "1735"]
[BlackElo "1899"]
[PlyCount "64"]
[EventDate "2012.10.14"]
[EventType "swiss"]
[EventRounds "9"]
[EventCountry "ESP"]
[SourceTitle "EXT 2024"]
[Source "ChessBase"]
[SourceDate "2023.10.10"]
[SourceVersion "1"]
[SourceVersionDate "2023.10.10"]
[SourceQuality "1"]

1. Nf3 g6 2. c4 Bg7 3. g3 c5 4. Bg2 Nc6 5. 0-0 d6 6. Nc3 e5 7. d3 Nge7 8. Bg5 0-0 9. Qc1 a6 10. Bh6 Rb8 11. Bxg7 Kxg7 12. b3 b5 13. Ne4 f5 14. Ned2 h6 15. Ne1 Nd4 16. Qd1 d5 17. Nef3 e4 18. Nxd4 cxd4 19. c5 Nc6 20. a3 a5 21. Qc2 Be6 22. Qb2 Qf6 23. b4 a4 24. Rad1 g5 25. Nb1 h5 26. e3 Rbd8 27. Nd2 f4 28. dxe4 f3 29. Bh1 dxe4 30. exd4 Nxd4 31. Rfe1 Ne2+ 32. Kf1 Qxb2 0-1

[Event "Fagernes Norsk op"]
[Site "Fagernes"]
[Date "2012.04.28"]
[Round "1"]
[White "Strand, Oyvin"]
[Black "Johannessen, Leif Erlend"]
[Result "0-1"]
[WhiteElo "1988"]
[BlackElo "2503"]
[PlyCount "49"]
[EventDate "2012.04.28"]
[EventType "swiss"]
[EventRounds "9"]
[EventCountry "NOR"]
[SourceTitle "CBM 148 Extra"]
[Source "ChessBase"]
[SourceDate "2012.06.22"]
[SourceVersion "1"]
[SourceVersionDate "2012.06.22"]
[SourceQuality "1"]

1. d4 Nf6 2. Nf3 e6 3. e3 b6 4. b3 Bb7 5. Bb2 c5 6. Bd3 cxd4 7. exd4 Bb4+ 8. c3 Bd6 9. 0-0 Nh5 10. Nbd2 f5 11. Nc4 Be7 12. Re1 0-0 13. Ne3 Nf4 14. Bc4 a6 15. a4 Nc6 16. b4 Bf6 17. Qb3 Ne7 18. Nd2 Qe8 19. Bf1 Qg6 20. g3 h5 21. Bg2 Bxg2 22. Nxg2 Nh3+ 23. Kf1 f4 24. Ne4 f3 25. Nd2 0-1

[Event "EU-chT Seniors"]
[Site "Rogaska Slatina"]
[Date "2012.04.03"]
[Round "8.21"]
[White "Baumbach, Friedrich"]
[Black "Strand, Oyvin"]
[Result "1/2-1/2"]
[WhiteElo "2258"]
[BlackElo "1988"]
[PlyCount "118"]
[EventDate "2012.03.27"]
[EventType "team-swiss"]
[EventRounds "9"]
[EventCountry "SLO"]
[SourceTitle "CBM 147 Extra"]
[Source "ChessBase"]
[SourceDate "2012.04.24"]
[SourceVersion "1"]
[SourceVersionDate "2012.04.24"]
[SourceQuality "1"]
[WhiteTeam "Stiftung BSW/DBAG (Seniors)"]
[BlackTeam "Norway (Seniors) III"]
[WhiteTeamCountry "GER"]
[BlackTeamCountry "NOR"]

1. d4 d5 2. c4 e6 3. Nc3 Nf6 4. Bg5 Be7 5. e3 0-0 6. Nf3 Nbd7 7. Qc2 c6 8. Rd1 Re8 9. a3 a6 10. Bd3 dxc4 11. Bxc4 Nd5 12. Bxe7 Qxe7 13. 0-0 Nxc3 14. Qxc3 c5 15. d5 exd5 16. Rxd5 b5 17. Rg5 g6 18. Bd5 Ra7 19. Rd1 Bb7 20. h4 Bxd5 21. Rgxd5 c4 22. h5 Nf8 23. h6 Ne6 24. Ne5 Qf6 25. f4 Rb7 26. Qd2 Qe7 27. Qc3 Qf6 28. Rd6 Ra7 29. Ng4 Qxc3 30. bxc3 Rf8 31. Nf6+ Kh8 32. Rd7 Raa8 33. Re7 Nc5 34. Rc7 Nd3 35. Kf1 Rac8 36. Rxc8 Rxc8 37. Nd5 f5 38. Ra1 Rd8 39. Nc7 Rd6 40. a4 b4 41. cxb4 Nxb4 42. Rb1 a5 43. Nb5 Rd3 44. Rc1 Rxe3 45. Rxc4 Kg8 46. Rc7 Nd3 47. g3 Rxg3 48. Nd6 Kf8 49. Rxh7 Rh3 50. Rf7+ Kg8 51. Rg7+ Kf8 52. Rxg6 Nxf4 53. Rf6+ Ke7 54. Rxf5 Rf3+ 55. Ke1 Kxd6 56. Rxa5 Rh3 57. Kd2 Kc6 58. Ra6+ Kc5 59. Rf6 Nd5 1/2-1/2